| 000 | 01124nam0a22003131 4500 | ||
|---|---|---|---|
| 001 | rc\3046346 | ||
| 005 | 20250814111511.2 | ||
| 035 | _a(NLR Aleph) 007186094 | ||
| 090 |
_a7490876 _c7490876 |
||
| 100 | _a20111007d1944 |||y0rusy50 ca | ||
| 101 | 0 | _arus | |
| 102 | _aRU | ||
| 105 | _ay z ||||| | ||
| 200 | 1 |
_aКлятва _eПовести _fФедор Гладков |
|
| 210 |
_aМосква _cСовет. писатель _d1944 |
||
| 215 |
_a212 с. _d19 см |
||
| 327 | 1 | _aСодерж.: Клятва; Маша из Заполярья; Завет отца | |
| 464 | 0 | _12001#$aКлятва | |
| 464 | 0 | _12001#$aМаша из Заполярья | |
| 464 | 0 | _12001#$aЗавет отца | |
| 700 | 1 |
_aГладков _bФ. В. _f1883-1958 _gФедор Васильевич |
|
| 801 | 0 |
_aRU _bNLR _gpsbo |
|
| 801 | 1 |
_aRU _bELAR _2rusmarc |
|
| 852 |
_aNLR _jЛ30 Г-3/176 |
||
| 942 | _cBOOK | ||
| 945 |
_aРоссийская национальная библиотека _aЦентральная городская библиотека Нижнего Новгорода |
||
| 980 | _aNB | ||
| 980 | _aBV | ||